00638nam a2200181Ii 450000100060000000300090000600800410001504000330005604100080008908200170009710000360011424500790015026401340022930000120036333600260037533700280040133800270042919964CO-ViMGA241108s9999||||xx |||||||||||||| ||und|| aCO-ViMGAbspaerdacCO-ViMGA0 aspa04a583.54 B27co1 aJosé Martín Betancourt Jara10aConocimiento y Manejo Agronómico del Ajonjolí en los Llanos Orientales 1a[Lugar de publicación no identificado] : Villavicencio, Meta / Secretaria de Desarrollo Agropecuario y del Medio Ambiente, 1993 avolumen atextbtxt2rdacontent aunmediatedbn2rdamedia avolumebnc2rdacarrier